<?xml version="1.0" encoding="UTF-8"?>
<record
    xmlns:xsi="http://www.w3.org/2001/XMLSchema-instance"
    xsi:schemaLocation="http://www.loc.gov/MARC21/slim http://www.loc.gov/standards/marcxml/schema/MARC21slim.xsd"
    xmlns="http://www.loc.gov/MARC21/slim">

  <leader>04192nam0a2200409   4500</leader>
  <controlfield tag="001">RU\NLR\BIBL_A\012791378</controlfield>
  <controlfield tag="005">20240405151609.0</controlfield>
  <datafield tag="010" ind1=" " ind2=" ">
    <subfield code="a">978-5-86763-463-6</subfield>
    <subfield code="9">80</subfield>
  </datafield>
  <datafield tag="021" ind1=" " ind2=" ">
    <subfield code="a">RU</subfield>
    <subfield code="b">&#x41A;&#x41D;-&#x41F;-22-008011</subfield>
    <subfield code="9">&#x41A;&#x41D;-&#x41F;-22-0649</subfield>
  </datafield>
  <datafield tag="035" ind1=" " ind2=" ">
    <subfield code="a">(NLR Aleph) 012791378</subfield>
  </datafield>
  <datafield tag="035" ind1=" " ind2=" ">
    <subfield code="a">(RuMoRGB)010976498</subfield>
  </datafield>
  <datafield tag="090" ind1=" " ind2=" ">
    <subfield code="a">13154069</subfield>
    <subfield code="c">13154069</subfield>
  </datafield>
  <datafield tag="100" ind1=" " ind2=" ">
    <subfield code="a">20220518d2021    k  y0rusy50      ca</subfield>
  </datafield>
  <datafield tag="101" ind1="0" ind2=" ">
    <subfield code="a">rus</subfield>
    <subfield code="d">eng</subfield>
  </datafield>
  <datafield tag="102" ind1=" " ind2=" ">
    <subfield code="a">RU</subfield>
  </datafield>
  <datafield tag="105" ind1=" " ind2=" ">
    <subfield code="a">a   z   000zy</subfield>
  </datafield>
  <datafield tag="181" ind1=" " ind2="0">
    <subfield code="a">i </subfield>
    <subfield code="b">axxe  </subfield>
  </datafield>
  <datafield tag="182" ind1=" " ind2="0">
    <subfield code="a">n</subfield>
  </datafield>
  <datafield tag="200" ind1="1" ind2=" ">
    <subfield code="a">&#x41C;&#x43E;&#x43D;&#x438;&#x442;&#x43E;&#x440;&#x438;&#x43D;&#x433; &#x43A;&#x43E;&#x441;&#x43C;&#x438;&#x447;&#x435;&#x441;&#x43A;&#x438;&#x445; &#x43E;&#x441;&#x430;&#x434;&#x43A;&#x43E;&#x432; &#x430;&#x43D;&#x442;&#x430;&#x440;&#x43A;&#x442;&#x438;&#x447;&#x435;&#x441;&#x43A;&#x43E;&#x439; &#x441;&#x442;&#x430;&#x43D;&#x446;&#x438;&#x438; "&#x412;&#x43E;&#x441;&#x442;&#x43E;&#x43A;" &#x43D;&#x430; &#x43F;&#x440;&#x438;&#x43C;&#x435;&#x440;&#x435; &#x441;&#x431;&#x43E;&#x440;&#x430; &#x43C;&#x438;&#x43A;&#x440;&#x43E;&#x447;&#x430;&#x441;&#x442;&#x438;&#x446; &#x43C;&#x430;&#x433;&#x43D;&#x435;&#x442;&#x438;&#x442;&#x430; &#x441; &#x43C;&#x430;&#x44F; &#x43F;&#x43E; &#x441;&#x435;&#x43D;&#x442;&#x44F;&#x431;&#x440;&#x44C; 2017 &#x433;&#x43E;&#x434;&#x430;</subfield>
    <subfield code="f">&#x42E;. &#x41E;. &#x427;&#x435;&#x442;&#x432;&#x435;&#x440;&#x438;&#x43A;&#x43E;&#x432;, &#x41C;. &#x421;. &#x413;&#x43B;&#x443;&#x445;&#x43E;&#x432;, &#x412;. &#x424;. &#x415;&#x436;&#x43E;&#x432; [&#x438; &#x434;&#x440;.]</subfield>
  </datafield>
  <datafield tag="203" ind1=" " ind2=" ">
    <subfield code="a">&#x422;&#x435;&#x43A;&#x441;&#x442;</subfield>
    <subfield code="b">&#x432;&#x438;&#x437;&#x443;&#x430;&#x43B;&#x44C;&#x43D;&#x44B;&#x439;</subfield>
    <subfield code="c">&#x43D;&#x435;&#x43F;&#x43E;&#x441;&#x440;&#x435;&#x434;&#x441;&#x442;&#x432;&#x435;&#x43D;&#x43D;&#x44B;&#x439;</subfield>
  </datafield>
  <datafield tag="210" ind1=" " ind2=" ">
    <subfield code="a">&#x413;&#x430;&#x442;&#x447;&#x438;&#x43D;&#x430;</subfield>
    <subfield code="c">&#x41D;&#x418;&#x426; "&#x41A;&#x443;&#x440;&#x447;&#x430;&#x442;&#x43E;&#x432;&#x441;&#x43A;&#x438;&#x439; &#x438;&#x43D;&#x441;&#x442;&#x438;&#x442;&#x443;&#x442;" - &#x41F;&#x418;&#x42F;&#x424;</subfield>
    <subfield code="d">2021</subfield>
  </datafield>
  <datafield tag="215" ind1=" " ind2=" ">
    <subfield code="a">22, [1] &#x441;.</subfield>
    <subfield code="c">&#x438;&#x43B;., &#x446;&#x432;. &#x438;&#x43B;.</subfield>
    <subfield code="d">20</subfield>
  </datafield>
  <datafield tag="225" ind1="1" ind2=" ">
    <subfield code="a">&#x41F;&#x440;&#x435;&#x43F;&#x440;&#x438;&#x43D;&#x442;</subfield>
    <subfield code="f">&#x41D;&#x430;&#x446;&#x438;&#x43E;&#x43D;&#x430;&#x43B;&#x44C;&#x43D;&#x44B;&#x439; &#x438;&#x441;&#x441;&#x43B;&#x435;&#x434;&#x43E;&#x432;&#x430;&#x442;&#x435;&#x43B;&#x44C;&#x441;&#x43A;&#x438;&#x439; &#x446;&#x435;&#x43D;&#x442;&#x440; "&#x41A;&#x443;&#x440;&#x447;&#x430;&#x442;&#x43E;&#x432;&#x441;&#x43A;&#x438;&#x439; &#x438;&#x43D;&#x441;&#x442;&#x438;&#x442;&#x443;&#x442;", &#x41F;&#x435;&#x442;&#x435;&#x440;&#x431;&#x443;&#x440;&#x433;&#x441;&#x43A;&#x438;&#x439; &#x438;&#x43D;&#x441;&#x442;&#x438;&#x442;&#x443;&#x442; &#x44F;&#x434;&#x435;&#x440;&#x43D;&#x43E;&#x439; &#x444;&#x438;&#x437;&#x438;&#x43A;&#x438; &#x438;&#x43C;. &#x411;. &#x41F;. &#x41A;&#x43E;&#x43D;&#x441;&#x442;&#x430;&#x43D;&#x442;&#x438;&#x43D;&#x43E;&#x432;&#x430; &#x41D;&#x430;&#x446;&#x438;&#x43E;&#x43D;&#x430;&#x43B;&#x44C;&#x43D;&#x43E;&#x433;&#x43E; &#x438;&#x441;&#x441;&#x43B;&#x435;&#x434;&#x43E;&#x432;&#x430;&#x442;&#x435;&#x43B;&#x44C;&#x441;&#x43A;&#x43E;&#x433;&#x43E; &#x446;&#x435;&#x43D;&#x442;&#x440;&#x430; "&#x41A;&#x443;&#x440;&#x447;&#x430;&#x442;&#x43E;&#x432;&#x441;&#x43A;&#x438;&#x439; &#x438;&#x43D;&#x441;&#x442;&#x438;&#x442;&#x443;&#x442;"</subfield>
    <subfield code="v">3060</subfield>
  </datafield>
  <datafield tag="300" ind1=" " ind2=" ">
    <subfield code="a">&#x420;&#x435;&#x437;. &#x43D;&#x430; &#x430;&#x43D;&#x433;&#x43B;. &#x44F;&#x437;.</subfield>
  </datafield>
  <datafield tag="320" ind1=" " ind2=" ">
    <subfield code="a">&#x411;&#x438;&#x431;&#x43B;&#x438;&#x43E;&#x433;&#x440;. &#x432; &#x43A;&#x43E;&#x43D;&#x446;&#x435; &#x43A;&#x43D;. (30 &#x43D;&#x430;&#x437;&#x432;.)</subfield>
  </datafield>
  <datafield tag="330" ind1=" " ind2=" ">
    <subfield code="a">&#x41D;&#x430; &#x44D;&#x43B;&#x435;&#x43A;&#x442;&#x440;&#x43E;&#x43D;&#x43D;&#x43E;&#x43C; &#x441;&#x43A;&#x430;&#x43D;&#x438;&#x440;&#x443;&#x44E;&#x449;&#x435;&#x43C; &#x43C;&#x438;&#x43A;&#x440;&#x43E;&#x441;&#x43A;&#x43E;&#x43F;&#x435; &#x438;&#x441;&#x441;&#x43B;&#x435;&#x434;&#x43E;&#x432;&#x430;&#x43D;&#x44B; &#x447;&#x430;&#x441;&#x442;&#x438;&#x446;&#x44B; &#x43F;&#x44B;&#x43B;&#x438;, &#x43F;&#x43E;&#x43B;&#x443;&#x447;&#x435;&#x43D;&#x43D;&#x44B;&#x435; &#x432; &#x440;&#x435;&#x437;&#x443;&#x43B;&#x44C;&#x442;&#x430;&#x442;&#x435; &#x444;&#x438;&#x43B;&#x44C;&#x442;&#x440;&#x43E;&#x432;&#x430;&#x43D;&#x438;&#x44F; &#x441;&#x432;&#x435;&#x436;&#x435;&#x432;&#x44B;&#x43F;&#x430;&#x432;&#x448;&#x435;&#x433;&#x43E; &#x441;&#x43D;&#x435;&#x433;&#x430;, &#x441;&#x43E;&#x431;&#x440;&#x430;&#x43D;&#x43D;&#x43E;&#x433;&#x43E; &#x441; &#x43C;&#x430;&#x44F; &#x43F;&#x43E; &#x441;&#x435;&#x43D;&#x442;&#x44F;&#x431;&#x440;&#x44C; 2017 &#x433;. &#x432;&#x431;&#x43B;&#x438;&#x437;&#x438; &#x430;&#x43D;&#x442;&#x430;&#x440;&#x43A;&#x442;&#x438;&#x447;&#x435;&#x441;&#x43A;&#x43E;&#x439; &#x441;&#x442;&#x430;&#x43D;&#x446;&#x438;&#x438; &lt;&#x412;&#x43E;&#x441;&#x442;&#x43E;&#x43A;&gt;. &#x412; &#x43A;&#x43E;&#x43B;&#x43B;&#x435;&#x43A;&#x446;&#x438;&#x438; &#x43F;&#x44B;&#x43B;&#x438; &#x43D;&#x430;&#x439;&#x434;&#x435;&#x43D;&#x43E; 186 &#x43C;&#x430;&#x433;&#x43D;&#x435;&#x442;&#x438;&#x442;&#x43E;&#x432;&#x44B;&#x445; &#x441;&#x444;&#x435;&#x440;&#x443;&#x43B; &#x434;&#x438;&#x430;&#x43C;&#x435;&#x442;&#x440;&#x43E;&#x43C; &#x43E;&#x442; 2 &#x434;&#x43E; 70 &#x43C;&#x43A;&#x43C;. &#x413;&#x438;&#x441;&#x442;&#x43E;&#x433;&#x440;&#x430;&#x43C;&#x43C;&#x430; &#x440;&#x430;&#x441;&#x43F;&#x440;&#x435;&#x434;&#x435;&#x43B;&#x435;&#x43D;&#x438;&#x44F; &#x447;&#x430;&#x441;&#x442;&#x438;&#x446; &#x43F;&#x43E; &#x440;&#x430;&#x437;&#x43C;&#x435;&#x440;&#x430;&#x43C; &#x434;&#x435;&#x43C;&#x43E;&#x43D;&#x441;&#x442;&#x440;&#x438;&#x440;&#x443;&#x435;&#x442; &#x43F;&#x43B;&#x430;&#x432;&#x43D;&#x44B;&#x439; &#x440;&#x43E;&#x441;&#x442; &#x438;&#x445; &#x447;&#x438;&#x441;&#x43B;&#x430; &#x43F;&#x43E; &#x43C;&#x435;&#x440;&#x435; &#x443;&#x43C;&#x435;&#x43D;&#x44C;&#x448;&#x435;&#x43D;&#x438;&#x44F; &#x440;&#x430;&#x437;&#x43C;&#x435;&#x440;&#x430; &#x438; &#x440;&#x435;&#x437;&#x43A;&#x438;&#x439; &#x43F;&#x440;&#x43E;&#x432;&#x430;&#x43B; &#x447;&#x438;&#x441;&#x43B;&#x430; &#x447;&#x430;&#x441;&#x442;&#x438;&#x446; &#x441; &#x440;&#x430;&#x437;&#x43C;&#x435;&#x440;&#x430;&#x43C;&#x438; &#x43C;&#x435;&#x43D;&#x44C;&#x448;&#x435; 3 &#x43C;&#x43A;&#x43C;. &#x421;&#x43E;&#x431;&#x440;&#x430;&#x43D;&#x43D;&#x44B;&#x435; &#x447;&#x430;&#x441;&#x442;&#x438;&#x446;&#x44B; &#x438;&#x43C;&#x435;&#x44E;&#x442; &#x43D;&#x435;&#x440;&#x430;&#x432;&#x43D;&#x43E;&#x43C;&#x435;&#x440;&#x43D;&#x43E;&#x435; &#x440;&#x430;&#x441;&#x43F;&#x440;&#x435;&#x434;&#x435;&#x43B;&#x435;&#x43D;&#x438;&#x435; &#x43F;&#x43E; &#x432;&#x440;&#x435;&#x43C;&#x435;&#x43D;&#x438; &#x441; &#x43A;&#x440;&#x430;&#x442;&#x43A;&#x43E;&#x432;&#x440;&#x435;&#x43C;&#x435;&#x43D;&#x43D;&#x44B;&#x43C; &#x438; &#x438;&#x43D;&#x442;&#x435;&#x43D;&#x441;&#x438;&#x432;&#x43D;&#x44B;&#x43C; &#x43F;&#x438;&#x43A;&#x43E;&#x43C; &#x441;&#x431;&#x43E;&#x440;&#x430; &#x432; &#x43F;&#x435;&#x440;&#x438;&#x43E;&#x434; 27-28 &#x438;&#x44E;&#x43B;&#x44F;. &#x410;&#x43D;&#x430;&#x43B;&#x438;&#x437; &#x441;&#x43E;&#x431;&#x440;&#x430;&#x43D;&#x43D;&#x43E;&#x433;&#x43E; &#x43C;&#x430;&#x442;&#x435;&#x440;&#x438;&#x430;&#x43B;&#x430;, &#x43C;&#x435;&#x442;&#x435;&#x43E;&#x440;&#x43E;&#x43B;&#x43E;&#x433;&#x438;&#x447;&#x435;&#x441;&#x43A;&#x438;&#x445; &#x434;&#x430;&#x43D;&#x43D;&#x44B;&#x445;, &#x430;&#x43D;&#x442;&#x440;&#x43E;&#x43F;&#x43E;&#x433;&#x435;&#x43D;&#x43D;&#x44B;&#x445; &#x438; &#x435;&#x441;&#x442;&#x435;&#x441;&#x442;&#x432;&#x435;&#x43D;&#x43D;&#x44B;&#x445; &#x438;&#x441;&#x442;&#x43E;&#x447;&#x43D;&#x438;&#x43A;&#x43E;&#x432; &#x43F;&#x43E;&#x437;&#x432;&#x43E;&#x43B;&#x44F;&#x435;&#x442; &#x441;&#x434;&#x435;&#x43B;&#x430;&#x442;&#x44C; &#x432;&#x44B;&#x432;&#x43E;&#x434; &#x43E; &#x432;&#x435;&#x440;&#x43E;&#x44F;&#x442;&#x43D;&#x43E;&#x43C; &#x43C;&#x435;&#x442;&#x435;&#x43E;&#x440;&#x43D;&#x43E;&#x43C; &#x43F;&#x440;&#x43E;&#x438;&#x441;&#x445;&#x43E;&#x436;&#x434;&#x435;&#x43D;&#x438;&#x438; &#x43C;&#x430;&#x433;&#x43D;&#x435;&#x442;&#x438;&#x442;&#x43E;&#x432;&#x44B;&#x445; &#x447;&#x430;&#x441;&#x442;&#x438;&#x446; &#x438; &#x438;&#x445; &#x43F;&#x440;&#x438;&#x43D;&#x430;&#x434;&#x43B;&#x435;&#x436;&#x43D;&#x43E;&#x441;&#x442;&#x438; &#x43A; &#x43C;&#x435;&#x442;&#x435;&#x43E;&#x440;&#x43D;&#x43E;&#x43C;&#x443; &#x43F;&#x43E;&#x442;&#x43E;&#x43A;&#x443; &#x42E;&#x436;&#x43D;&#x44B;&#x435; &#x434;&#x435;&#x43B;&#x44C;&#x442;&#x430;-&#x410;&#x43A;&#x432;&#x430;&#x440;&#x438;&#x434;&#x44B;. &#x420;&#x430;&#x437;&#x431;&#x440;&#x43E;&#x441; &#x43E;&#x434;&#x43D;&#x43E;&#x432;&#x440;&#x435;&#x43C;&#x435;&#x43D;&#x43D;&#x43E; &#x432;&#x44B;&#x43F;&#x430;&#x432;&#x448;&#x438;&#x445; &#x447;&#x430;&#x441;&#x442;&#x438;&#x446; &#x43F;&#x43E; &#x440;&#x430;&#x437;&#x43C;&#x435;&#x440;&#x430;&#x43C; &#x43F;&#x43E;&#x437;&#x432;&#x43E;&#x43B;&#x44F;&#x435;&#x442; &#x432;&#x44B;&#x441;&#x43A;&#x430;&#x437;&#x430;&#x442;&#x44C; &#x43F;&#x440;&#x435;&#x434;&#x43F;&#x43E;&#x43B;&#x43E;&#x436;&#x435;&#x43D;&#x438;&#x435; &#x43E;&#x431; &#x443;&#x441;&#x43A;&#x43E;&#x440;&#x435;&#x43D;&#x438;&#x438; &#x432;&#x44B;&#x43F;&#x430;&#x434;&#x435;&#x43D;&#x438;&#x44F; &#x447;&#x430;&#x441;&#x442;&#x438;&#x446; &#x432; &#x440;&#x435;&#x437;&#x443;&#x43B;&#x44C;&#x442;&#x430;&#x442;&#x435; &#x442;&#x43E;&#x433;&#x43E;, &#x447;&#x442;&#x43E; &#x43E;&#x43D;&#x438; &#x44F;&#x432;&#x43B;&#x44F;&#x44E;&#x442;&#x441;&#x44F; &#x44D;&#x444;&#x444;&#x435;&#x43A;&#x442;&#x438;&#x432;&#x43D;&#x44B;&#x43C;&#x438; &#x446;&#x435;&#x43D;&#x442;&#x440;&#x430;&#x43C;&#x438; &#x43A;&#x43E;&#x43D;&#x434;&#x435;&#x43D;&#x441;&#x430;&#x446;&#x438;&#x438; &#x43B;&#x435;&#x434;&#x44F;&#x43D;&#x44B;&#x445; &#x43A;&#x440;&#x438;&#x441;&#x442;&#x430;&#x43B;&#x43B;&#x43E;&#x432; &#x432; &#x441;&#x442;&#x440;&#x430;&#x442;&#x43E;&#x441;&#x444;&#x435;&#x440;&#x43D;&#x44B;&#x445; &#x43E;&#x431;&#x43B;&#x430;&#x43A;&#x430;&#x445;</subfield>
  </datafield>
  <datafield tag="606" ind1="1" ind2=" ">
    <subfield code="a">&#x41A;&#x43E;&#x441;&#x43C;&#x438;&#x447;&#x435;&#x441;&#x43A;&#x430;&#x44F; &#x43F;&#x44B;&#x43B;&#x44C; &#x43D;&#x430; &#x417;&#x435;&#x43C;&#x43B;&#x435;</subfield>
    <subfield code="x">&#x418;&#x441;&#x441;&#x43B;&#x435;&#x434;&#x43E;&#x432;&#x430;&#x43D;&#x438;&#x435;</subfield>
    <subfield code="x">&#x42D;&#x43B;&#x435;&#x43A;&#x442;&#x440;&#x43E;&#x43D;&#x43D;&#x43E;-&#x43C;&#x438;&#x43A;&#x440;&#x43E;&#x441;&#x43A;&#x43E;&#x43F;&#x438;&#x447;&#x435;&#x441;&#x43A;&#x438;&#x435; &#x43C;&#x435;&#x442;&#x43E;&#x434;&#x44B;</subfield>
    <subfield code="2">nlr_sh2</subfield>
    <subfield code="3">RU\NLR\AUTH\6601738534</subfield>
  </datafield>
  <datafield tag="607" ind1=" " ind2=" ">
    <subfield code="a">&#x42E;&#x436;&#x43D;&#x44B;&#x435; &#x434;&#x435;&#x43B;&#x44C;&#x442;&#x430;-&#x410;&#x43A;&#x432;&#x430;&#x440;&#x438;&#x434;&#x44B;, &#x43C;&#x435;&#x442;&#x435;&#x43E;&#x440;&#x43D;&#x44B;&#x439; &#x43F;&#x43E;&#x442;&#x43E;&#x43A;</subfield>
    <subfield code="2">nlr_sh2</subfield>
    <subfield code="3">RU\NLR\AUTH\6601738537</subfield>
  </datafield>
  <datafield tag="675" ind1=" " ind2=" ">
    <subfield code="a">551.501.777(99-923.1/.2)</subfield>
    <subfield code="v">4</subfield>
  </datafield>
  <datafield tag="686" ind1="1" ind2=" ">
    <subfield code="a">&#x412;655.431&#x441;341.2</subfield>
  </datafield>
  <datafield tag="701" ind1=" " ind2="1">
    <subfield code="a">&#x427;&#x435;&#x442;&#x432;&#x435;&#x440;&#x438;&#x43A;&#x43E;&#x432;</subfield>
    <subfield code="b">&#x42E;. &#x41E;.</subfield>
    <subfield code="g">&#x42E;&#x440;&#x438;&#x439; &#x41E;&#x43B;&#x435;&#x433;&#x43E;&#x432;&#x438;&#x447;</subfield>
  </datafield>
  <datafield tag="701" ind1=" " ind2="1">
    <subfield code="a">&#x413;&#x43B;&#x443;&#x445;&#x43E;&#x432;</subfield>
    <subfield code="b">&#x41C;.&#x421;.</subfield>
    <subfield code="g">&#x41C;&#x438;&#x445;&#x430;&#x438;&#x43B; &#x421;&#x435;&#x440;&#x433;&#x435;&#x435;&#x432;&#x438;&#x447;</subfield>
  </datafield>
  <datafield tag="701" ind1=" " ind2="1">
    <subfield code="a">&#x415;&#x436;&#x43E;&#x432;</subfield>
    <subfield code="b">&#x412;. &#x424;.</subfield>
    <subfield code="f">1948-</subfield>
    <subfield code="g">&#x412;&#x438;&#x43A;&#x442;&#x43E;&#x440; &#x424;&#x435;&#x434;&#x43E;&#x440;&#x43E;&#x432;&#x438;&#x447;</subfield>
  </datafield>
  <datafield tag="942" ind1=" " ind2=" ">
    <subfield code="c">BOOK</subfield>
  </datafield>
  <datafield tag="980" ind1=" " ind2=" ">
    <subfield code="a">NB</subfield>
  </datafield>
  <datafield tag="995" ind1=" " ind2=" ">
    <subfield code="5">2022-05-18</subfield>
    <subfield code="a">ad</subfield>
    <subfield code="b">NLR01</subfield>
    <subfield code="c">NLR01</subfield>
    <subfield code="e">RF81</subfield>
    <subfield code="f">1-3781778</subfield>
    <subfield code="k">2022-4/4105</subfield>
    <subfield code="o">0</subfield>
    <subfield code="p">0.00</subfield>
    <subfield code="r">BOOK</subfield>
    <subfield code="s">202244105_</subfield>
  </datafield>
  <datafield tag="995" ind1=" " ind2=" ">
    <subfield code="5">2022-05-18</subfield>
    <subfield code="a">ad</subfield>
    <subfield code="b">NLR01</subfield>
    <subfield code="c">NLR01</subfield>
    <subfield code="e">OBM</subfield>
    <subfield code="f">1-3781777</subfield>
    <subfield code="o">0</subfield>
    <subfield code="p">0.00</subfield>
    <subfield code="r">BOOK</subfield>
  </datafield>
</record>
